000 00381cam a22001337a 4500
008 180718b1984 xxu||||| |||| 00| 0 eng d
082 _aI548xT367
100 _aThomas, Sunny
245 _aTruth images and distortions: a view of the Indian press
_cby Sunny Thomas
260 _aNew Delhi
_bHeritage
_c1984
300 _a224p.
650 _aJournalism --India
650 _aJournalism
999 _c355510
_d355510